Science Quiz

Random Science or Elements Quiz

Elements Shooting Gallery Quiz Stats

Quiz not verified by Sporcle

Also try: Marsupials
Challenge
Share
Tweet
Embed
Score 0/60 Timer 06:00
0 Plays Today
% Correct
Neon
77.4%
Xenon
76.3%
Argon
73.7%
Helium
71.5%
Lithium
70.4%
Chlorine
70.4%
Radon
70.4%
Lanthanum
68.3%
Calcium
67.7%
Fluorine
66.7%
Bromine
66.1%
Potassium
65.6%
Actinium
65.6%
Iodine
65.6%
Krypton
65.6%
Sodium
63.4%
Magnesium
63.4%
Gold
60.8%
Silver
60.8%
Copper
58.1%
Nickel
58.1%
Praseodymium
57%
Einsteinium
56.5%
Beryllium
55.9%
Astatine
55.9%
Barium
55.4%
Neptunium
55.4%
Tin
54.8%
Europium
53.8%
Uranium
53.2%
% Correct
Francium
53.2%
Promethium
53.2%
Plutonium
52.7%
Cesium
52.2%
Zinc
51.6%
Carbon
51.1%
Berkelium
50.5%
Rubidium
50%
Aluminum
50%
Lead
49.5%
Strontium
48.4%
Oxygen
48.4%
Terbium
47.3%
Antimony
47.3%
Radium
46.8%
Germanium
46.8%
Holmium
45.2%
Arsenic
44.1%
Nitrogen
43%
Sulfur
42.5%
Titanium
39.8%
Gallium
39.2%
Silicon
38.7%
Phosphorus
36%
Tennessine
33.3%
Indium
30.1%
Bismuth
28.5%
Boron
27.4%
Selenium
25.8%
Polonium
23.7%

You're not logged in!

Compare scores with friends on all Sporcle quizzes.
Join for Free
OR
Log In

You Might Also Like...

Show Comments

Extras

Top Quizzes Today


Score Distribution

Your Account Isn't Verified!

In order to create a playlist on Sporcle, you need to verify the email address you used during registration. Go to your Sporcle Settings to finish the process.

Report this User

Report this user for behavior that violates our Community Guidelines.

Details: